| 000 | 00860nam a22002417a 4500 | ||
|---|---|---|---|
| 999 |
_c162166 _d162166 |
||
| 005 | 20190816154231.0 | ||
| 010 | _a1819CHEN B-719154-174 | ||
| 020 |
_a9788180222269 _c249.00 |
||
| 035 | _aB-719154-174 | ||
| 035 | _aB-728613 | ||
| 037 |
_adpl _bBlueberry |
||
| 082 | _aS | ||
| 100 | _aCarroll,Lewis | ||
| 245 |
_aAlice in wonderland / _cby Lewis Carroll ; illustrated by Mag Takac |
||
| 260 |
_bPriority Publications _c2017 _aNew Delhi |
||
| 270 |
_a4325/3, Ansari Road, Darya Ganj _bNew Delhi _e110002 |
||
| 300 |
_aunpaged: _bcol.ill. _c30cm(Hb) |
||
| 500 | _aAirport | ||
| 700 | _aTakac, Mag | ||
| 942 |
_2ddc _cCH _mCAR _hS |
||